| 000 | 00776nac a22001691u 4500 | ||
|---|---|---|---|
| 008 | 101025s1987 xxu||||| |||| 00| 0 ara d | ||
| 082 |
_a189 _bع ر ا |
||
| 100 | 1 |
_aعرابي ، محمد غازي _917370 |
|
| 245 |
_aالإنسان الكامل : _bمحاورات في الفلسفة الصوفية / _cمحمد غازي عرابي |
||
| 260 |
_a[د.م] : _bدار قتيبة ،1987 _c1987. |
||
| 300 |
_a254 ص ؛ _c24 سم. |
||
| 511 | _aCatalogued by: Sara | ||
| 650 |
_aالفلسفة الإسلامية _98788 |
||
| 650 |
_aالتصوف الإسلامي _916733 |
||
| 942 |
_cBB _k189ع ر ا _2ddc |
||
| 999 |
_c8054 _d8054 |
||